000 00567 a2200193 4500
020 _a0198751729
020 _a0198751729
040 _aDLC
_bDLC
082 _a121
100 1 _aHume, David,
245 1 2 _aA treatise of human nature
_cDavid Hume, David Fate Norton, Mary J. Norton, David Fate Norton.
260 _aOxford ;
_aNew York :
_bOxford University Press,
_c2000.
300 _a622 p.
440 0 _aOxford philosophical texts.
650 0 _aKnowledge, Theory of.
700 1 _aNorton, David Fate.
700 1 _aNorton, Mary J.
942 _cBK
_k121 HUM
_2ddc
999 _c7045
_d7045